000 00605nam a2200169 i 4500
001 165574
003 ES-MaACL
005 20250730063145.0
008 010227s1898 sp |||| | spa d
040 _aCAM
_bspa
_cCAM
100 1 _aSoria y Mata, Arturo,
_d1844-1920
_9107372
245 1 3 _aEl progreso indefinido /
_cArturo Soria y Mata.
260 _aMadrid :
_b[s.n.],
_c1898 (
_fEstablecimiento tipográfico de J. Palacios)
300 _a90 p. ;
_c21 cm.
852 _aES-MaACL
_jT-791-F-1
_z-- Enc. hol. conservando la cub. original
_z-- Enc. en un vol. facticio
999 _c165574
_d165574